<?xml version="1.0" encoding="UTF-8"?>
<record
    xmlns:xsi="http://www.w3.org/2001/XMLSchema-instance"
    xsi:schemaLocation="http://www.loc.gov/MARC21/slim http://www.loc.gov/standards/marcxml/schema/MARC21slim.xsd"
    xmlns="http://www.loc.gov/MARC21/slim">

  <leader>01429nam a22002411a 4500</leader>
  <controlfield tag="003">AR-RoUNCS</controlfield>
  <controlfield tag="005">20260309105826.0</controlfield>
  <controlfield tag="007">ta</controlfield>
  <controlfield tag="008">071009s2025    sp |||||||||||||| ||spa</controlfield>
  <datafield tag="020" ind1=" " ind2=" ">
    <subfield code="a">978-987-4063-65-6</subfield>
  </datafield>
  <datafield tag="040" ind1=" " ind2=" ">
    <subfield code="a">AR-BaBN</subfield>
    <subfield code="b">spa</subfield>
    <subfield code="c">AR-RoUNCS</subfield>
    <subfield code="e">aacr</subfield>
  </datafield>
  <datafield tag="080" ind1=" " ind2=" ">
    <subfield code="0">82-32(82) </subfield>
  </datafield>
  <datafield tag="100" ind1="1" ind2=" ">
    <subfield code="a">Reyes, Dolores,</subfield>
    <subfield code="d">1978-</subfield>
    <subfield code="e">autor</subfield>
  </datafield>
  <datafield tag="245" ind1="1" ind2="0">
    <subfield code="a">Cometierra /</subfield>
    <subfield code="c">Dolores Reyes.</subfield>
  </datafield>
  <datafield tag="250" ind1=" " ind2=" ">
    <subfield code="a">1a ed, 18a reimp.</subfield>
  </datafield>
  <datafield tag="260" ind1=" " ind2=" ">
    <subfield code="a">Ciudad Aut&#xF3;noma de Buenos Aires :</subfield>
    <subfield code="b">Sigilo,</subfield>
    <subfield code="c">2025.</subfield>
  </datafield>
  <datafield tag="300" ind1=" " ind2=" ">
    <subfield code="a">176 p. ;</subfield>
    <subfield code="c">22 cm.</subfield>
  </datafield>
  <datafield tag="520" ind1="3" ind2=" ">
    <subfield code="a">Cuando era chica, Cometierra trag&#xF3; tierra y supo en una visi&#xF3;n que su pap&#xE1; hab&#xED;a matado a golpes a su mam&#xE1;. Esa fue solo la primera de las visiones. Nacer con un don implica una responsabilidad hacia los otros y a Cometierra le toc&#xF3; uno que hace su vida totalmente dif&#xED;cil, porque vive en un barrio donde la violencia, el desamparo y la injusticia brotan de cada rinc&#xF3;n y porque all&#xED; las principales v&#xED;ctimas son las mujeres. En la persecuci&#xF3;n de la verdad, en el descubrimineto del amor, en el cuidado entre hermanos, Cometierra buscar&#xE1; su propio camino. 
Dolores Reyes ha escrito una primera novela terrible y luminosa, l&#xED;rica, dulce y brutal, narrada con una voz que nos comueve desde la primera p&#xE1;gina. (Notas del editor).</subfield>
  </datafield>
  <datafield tag="521" ind1="1" ind2=" ">
    <subfield code="a">Edad sugerida desde los 15 a&#xF1;os.</subfield>
  </datafield>
  <datafield tag="650" ind1=" " ind2="7">
    <subfield code="2">embne</subfield>
    <subfield code="a">LITERATURA ARGENTINA</subfield>
    <subfield code="y">SIGLO XXI</subfield>
  </datafield>
  <datafield tag="655" ind1=" " ind2="7">
    <subfield code="2">embne</subfield>
    <subfield code="a">NOVELAS CORTAS</subfield>
  </datafield>
  <datafield tag="942" ind1=" " ind2=" ">
    <subfield code="2">udc</subfield>
    <subfield code="c">LPD</subfield>
    <subfield code="n">0</subfield>
  </datafield>
  <datafield tag="999" ind1=" " ind2=" ">
    <subfield code="c">784</subfield>
    <subfield code="d">784</subfield>
  </datafield>
  <datafield tag="952" ind1=" " ind2=" ">
    <subfield code="0">0</subfield>
    <subfield code="1">0</subfield>
    <subfield code="2">udc</subfield>
    <subfield code="4">0</subfield>
    <subfield code="7">0</subfield>
    <subfield code="8">CG</subfield>
    <subfield code="a">ESOCIALES</subfield>
    <subfield code="b">ESOCIALES</subfield>
    <subfield code="d">2025-11-26</subfield>
    <subfield code="e">Compra 2025</subfield>
    <subfield code="l">3</subfield>
    <subfield code="o">82-32(82) R457</subfield>
    <subfield code="p">001493</subfield>
    <subfield code="r">2026-05-11 11:32:59</subfield>
    <subfield code="s">2026-05-07</subfield>
    <subfield code="w">2025-11-26</subfield>
    <subfield code="y">LPD</subfield>
  </datafield>
</record>
